000 01167cam a2200337Mi 4500
001 53893
005 20230410121111.0
008 071214s2007 be 000 0 fre d
035 _a(OCoLC)ocn188535429
040 _aTZT
_cTZT
020 _a9782804153403
020 _a2804153401
029 0 _aTZT
_bJTL00215604
035 _a(OCoLC)188535429
050 1 4 _aJN 30
_bG878i 2007
082 0 0 _a320
100 1 _aGrossman, Emiliano.
245 1 0 _aIntroduction aux systemes politiques nationaux de l'UE /
_cEmiliano Grossman, Nicolas Sauger.
260 _aBruxelles :
_bDe Boeck,
_c2007.
300 _a256 p.
440 0 _aOuvertures politiques
650 0 _aPolitical science
_xPolitical institutions
_xEuropean community
_xTextbook
650 0 _aEuropean Union countries
_xPolitics and government.
653 _aPolitical science
_aPolitical institutions
_aEuropean community
_aTextbook
700 1 _aSauger, Nicolas.
938 _aJean Touzot Libraire Editeur
_bTOUZ
_nJTL00215604
_c19,50 EUR
856 4 2 _3Más?... busque en WorldCat (solo desde FUNGLODE)
_uwww.firstsearch.oclc.org/fsip
942 _2lcc
_cbk
946 _amfcruz
994 _aC0
_bDRFGD
999 _c57951
_d57951